| 000 | 00487nam a22001697a 4500 | ||
|---|---|---|---|
| 008 | 230602b |||||||| |||| 00| 0 eng d | ||
| 020 | _a0 540 05371 6 | ||
| 040 |
_aNational Science Library _cNational Science Library |
||
| 080 |
_aR 912 _bM0 |
||
| 245 | _aPhilips' illustrated atlas of the world | ||
| 260 |
_aLondon: _bGeorge Philip & Son Ltd, _c1980 |
||
| 300 | _a208p. | ||
| 650 | _aNonliterary | ||
| 653 | _aClimate | ||
| 700 | _aGreeves, Lydia (Ed.) | ||
| 942 |
_2udc _cREF |
||
| 999 |
_c38608 _d38608 |
||